| 000 | 00794nam a2200217Ia 4500 | ||
|---|---|---|---|
| 003 | OSt | ||
| 005 | 20250811100416.0 | ||
| 008 | 210210b1994 xxu||||| |||| 00| 0 eng d | ||
| 040 | _cAL | ||
| 041 | _aKannada | ||
| 082 | _aK894.9 KARV | ||
| 100 |
_aKARNATAKA SAHITYA AKADEMI. _dಕರ್ನಾಟಕ ಸಾಹಿತ್ಯ ಅಕಾಡೆಮಿ _9235010 |
||
| 245 |
_aVasudeva Bhupalam sahitya vachike _bವಸುದೇವ ಭೂಪಾಲಂ ಸಾಹಿತ್ಯ ವಾಚಿಕೆ |
||
| 260 |
_aBengaluru. _bKarnataka Sahitya Akademi., _c1994 |
||
| 300 | _axxv,230 | ||
| 650 |
_aMareyalagada Barahagararu Shrikanta Kudige _9235011 |
||
| 690 |
_aKannada Critic _9235012 |
||
| 700 |
_aShrikanta Kudige. _dಶ್ರೀಕಂಠ ಕೂಡಿಗೆ _9235013 |
||
| 906 | _a057 | ||
| 942 |
_2ddc _cBK |
||
| 999 |
_c105075 _d105075 |
||